Harry Potter et la chambre des secrets - Statistiques

Statistiques générales
  • Ce quiz a été pris 436 fois
  • Le résultat moyen est 13 sur 15
Statistiques - réponses
Question Réponse % Correct
Nom de l'elfe de maison qu'Harry rencontre Dobby
100%
Prénom de la petite soeur des Weasley Ginny
97%
Amie d'Harry pétrifiée Hermione
94%
Langue des serpents Fourchelang
92%
Espèce du serpent de la chambre des secrets Basilic
89%
Fantôme des toilettes des filles Mimi Geignarde
87%
Prénom du fondateur de Serpentard Salazar
87%
Professeure de botanique Chourave
86%
Nom de la maison des Weasley Le Terrier
84%
Avec la potion Hermione se transforme un peu en Chat
83%
Nom du professeur de DCFM Gilderoy Lockhart
81%
Potion qu'Hermione prépare en secret Polynectar
79%
Maison du fantôme des toilettes Serdaigle
76%
Vrai nom de Voldemort Tom Elvis Jedusor
72%
Élève de première année qui adore Harry Colin Crivey
60%
Aucun quiz correspondant
Distribution des résultats
% des personnes avec chaque résultat
Percentile par nombre de réponses
Votre historique - résultats
Vous n’avez pas pris ce quiz